00249nam a2200097Ia 4500008004100000100002400041245002900065260003700094300000800131650001200139191201s2019 xx 000 0 und d aGOLDBERG, Richard R 0aMethods of Real Analysis aN.DelhibOxford University Press a359 aApplied